00347nam a2200109Ia 4500008004100000082001100041082000800052245013200060245001800192260001800210300000900228231017s9999 xx 000 0 und d a388.11 bKOC 0aEconomic Effects of Highway Relief Routes on Small and Medium-Size Communities: An Econometric Analysis: Research Report 1843-2 0cK.M Kockelman bK.M Kockelman c30cm